K otázkam skvalitňovania ekonomického vzdelávania v SR
Dôležitosť ekonomického vzdelávania a prístupy skvalitňovania ekonomického a finančného vzdelávania občanov v SR. Úrovne ekonomického vedomia občanov SR oproti krajinám Európskej únie.
Salvato in:
| Autore principale: | |
|---|---|
| Natura: | Capitolo di libro |
| Lingua: | slovacco |
| Soggetti: | |
| Tags: |
Nessun Tag, puoi essere il primo ad aggiungerne!!
|
MARC
| LEADER | 00000naa$a2200000$$$4500 | ||
|---|---|---|---|
| 001 | 0192454 | ||
| 005 | 20240502073229.6 | ||
| 041 | 0 | |a slo | |
| 044 | |a SK | ||
| 245 | 1 | 0 | |a K otázkam skvalitňovania ekonomického vzdelávania v SR |c Ľubomíra Gertler |
| 520 | |a Dôležitosť ekonomického vzdelávania a prístupy skvalitňovania ekonomického a finančného vzdelávania občanov v SR. Úrovne ekonomického vedomia občanov SR oproti krajinám Európskej únie. | ||
| 610 | 2 | 0 | |a vzdelávanie |
| 610 | 2 | 0 | |a politika vzdelávania |
| 610 | 2 | 0 | |a kvalita vzdelávania |
| 610 | 2 | 0 | |a vedomie ekonomické |
| 610 | 2 | 0 | |a gramotnosť finančná |
| 610 | 2 | 0 | |a efektívnosť vzdelávania |
| 100 | 1 | |a Gertler, Ľubomíra, 1977- | |